000 00915nam a2200205Ia 4500
008 0000002002 sp a 0000000000spa00
090 _aPSP00 C15e
100 1 _aCano, José Luis
245 1 0 _aEnrique Larroy, el color invisible
_c/ textos José Luis Cano, Enrique Larroy, Mariano Navarro ; fotografías Andrés Ferrer, Paca Baldirá
300 _a77 p.
_c/ 27 cm.
500 _aExposición realizada en Sala de Exposiciónones Banco Zaragozano, Zaragoza, AbrilJunio, 2002 \ Con el patronazgo del maestro venezolano Jesús Rafael Soto (q.e.p.d.)
600 0 0 _a LARROY, ENRIQUE, 1954/
_xTRABAJOS PICTORICOS
650 1 4 _a PINTURA ESPAÑOLA
650 1 4 _aARTE CONTEMPORANEO ESPAÑOL
650 1 4 _xCATALOGOS
650 1 4 _xEXPOSICIONES
650 1 4 _aPINTORES ESPAÑOLES
700 1 _aNavarro, Enrique \ Ferrer, Andrés \ Baldirá, Paca
999 _c1129
_d1129
260 _aZaragoza : Galería Lausin & Blasco
_c2002